| 000 | 01205cam a2200361 a 4500 | ||
|---|---|---|---|
| 001 | 14302053 | ||
| 003 | Nust | ||
| 005 | 20220831094251.0 | ||
| 008 | 050208s2006 enk 000 1 eng d | ||
| 010 | _a 2006373584 | ||
| 015 |
_aGBA587985 _2bnb |
||
| 016 | 7 |
_a013315310 _2Uk |
|
| 020 |
_a978-0143062257 _cRs. 436 |
||
| 035 | _a(OCoLC)ocm62132488 | ||
| 038 | _aArshad | ||
| 040 |
_aUKM _cUKM _dBWKUK _dDLC |
||
| 042 | _alccopycat | ||
| 043 | _amm----- | ||
| 050 | 0 | 0 |
_aPR9499.3.B32 _bR33 2006 |
| 082 | 0 | 4 |
_a823 _bBAS |
| 100 | 1 |
_aBasu, Kunal, _d1956- _911723 |
|
| 245 | 1 | 0 |
_aRacists / _cKunal Basu. |
| 260 |
_aLondon : _bWeidenfeld & Nicolson, _c2006. |
||
| 300 |
_a214 p. ; _c23 cm. |
||
| 500 | _a"A Phoenix House book." | ||
| 650 | 0 |
_aEugenics _vFiction. _911724 |
|
| 650 | 0 |
_aIslands of the Mediterranean _vFiction. _911725 |
|
| 856 | 4 | 2 |
_3Contributor biographical information _uhttp://www.loc.gov/catdir/enhancements/fy0632/2006373584-b.html |
| 856 | 4 | 2 |
_3Publisher description _uhttp://www.loc.gov/catdir/enhancements/fy0632/2006373584-d.html |
| 906 |
_a7 _bcbc _ccopycat _d2 _encip _f20 _gy-gencatlg |
||
| 942 |
_2ddc _cBK |
||
| 999 |
_c174488 _d174488 |
||